[Event "CFriend AP-2005-Q-00015 email"]
[Site "Chessfriend.com"]
[Date "2005.08.01"]
[Round "1"]
[White "Soobik, Marek"]
[Black "Andersen, Lars Kirstein"]
[Result "1-0"]
[WhiteElo "2198"]
[BlackElo "2116"]
[PlyCount "61"]
[EventDate "2005.??.??"]
[EventType "tourn (corr)"]
[EventRounds "12"]
[SourceTitle "Corr 2024"]
[Source "ChessBase"]
[SourceDate "2023.10.19"]
[SourceVersion "1"]
[SourceVersionDate "2023.10.19"]
[SourceQuality "1"]

1. e4 c5 2. Nf3 d6 3. d4 cxd4 4. Nxd4 Nf6 5. Nc3 a6 6. Bg5 e6 7. f4 Qc7 8. Bxf6 gxf6 9. f5 Nc6 10. fxe6 fxe6 11. Be2 Be7 12. Bh5+ Kd8 13. Nxc6+ Qxc6 14. Qg4 Qc5 15. 0-0-0 Qg5+ 16. Qxg5 fxg5 17. Rhf1 Bd7 18. e5 d5 19. Ne2 Bf8 20. Nd4 Bc5 21. Rf6 Bxd4 22. Rxd4 h6 23. h4 Rc8 24. Kd2 gxh4 25. Rxh4 Rg8 26. Rg4 Kc7 27. Rxh6 Rh8 28. Rgg6 Rxh6 29. Rxh6 Rf8 30. Rf6 Rg8 31. Bg6 1-0

[Event "CFriend AP-2005-Q-00015 email"]
[Site "Chessfriend.com"]
[Date "2005.08.01"]
[Round "1"]
[White "Soobik, Marek"]
[Black "Ghisi, Stefano"]
[Result "1-0"]
[WhiteElo "2198"]
[BlackElo "1525"]
[PlyCount "91"]
[EventDate "2005.??.??"]
[EventType "tourn (corr)"]
[EventRounds "12"]
[SourceTitle "Corr 2024"]
[Source "ChessBase"]
[SourceDate "2023.10.19"]
[SourceVersion "1"]
[SourceVersionDate "2023.10.19"]
[SourceQuality "1"]

1. e4 e5 2. Nf3 Nc6 3. Bb5 Nf6 4. 0-0 Nxe4 5. d4 Be7 6. dxe5 0-0 7. Re1 d5 8. exd6 Nxd6 9. Bxc6 bxc6 10. Ne5 Bb7 11. Nc3 Nb5 12. Qf3 Nxc3 13. Qxc3 c5 14. Bf4 Bd6 15. Bg3 Qf6 16. Re3 Rfd8 17. Qb3 Rab8 18. Rae1 a6 19. Nd7 Rxd7 20. Bxd6 h6 21. Be5 Qg5 22. f3 Re7 23. R1e2 Rd7 24. Bg3 Rd1+ 25. Kf2 Qd8 26. Re7 Qd4+ 27. Qe3 Bc6 28. b3 Rb7 29. c4 a5 30. Qxd4 cxd4 31. Rxc7 Rxc7 32. Bxc7 a4 33. Bd6 d3 34. Rb2 f5 35. Ke3 axb3 36. axb3 Re1+ 37. Kxd3 Rd1+ 38. Rd2 Rxd2+ 39. Kxd2 g5 40. b4 Kf7 41. b5 Ba8 42. c5 Ke6 43. Bf8 g4 44. c6 gxf3 45. gxf3 Kd5 46. Bxh6 1-0

[Event "CFriend RH-2005-0-00024 email"]
[Site "Chessfriend.com"]
[Date "2005.03.17"]
[Round "1"]
[White "Rudolf, Michal"]
[Black "Soobik, Marek"]
[Result "1/2-1/2"]
[WhiteElo "2251"]
[BlackElo "2198"]
[PlyCount "84"]
[EventDate "2005.03.17"]
[EventType "tourn (corr)"]
[EventRounds "6"]
[SourceTitle "Corr 2008"]
[Source "ChessBase"]
[SourceDate "2008.06.24"]
[SourceVersion "1"]
[SourceVersionDate "2008.06.24"]
[SourceQuality "1"]

1. e4 e5 2. Nf3 Nc6 3. Bb5 a6 4. Bxc6 dxc6 5. 0-0 f6 6. d4 Bg4 7. dxe5 Qxd1 8. Rxd1 fxe5 9. Rd3 Bd6 10. Nbd2 Nf6 11. Nc4 0-0 12. Nfxe5 Be2 13. Re3 Bxc4 14. Nxc4 Bc5 15. Re2 Rae8 16. Be3 Rxe4 17. Nd2 Re6 18. Rae1 Rfe8 19. Nb3 Bb6 20. c4 Nd7 21. Rd2 Rd6 22. Rde2 Bxe3 23. Rxe3 Rxe3 24. fxe3 Ne5 25. Re2 b6 26. c5 Rd3 27. h3 Rd1+ 28. Kh2 Kf7 29. Kg3 Ke6 30. Nd4+ Kd5 31. Nf3 Nxf3 32. cxb6 cxb6 33. gxf3 Ke5 34. h4 c5 35. Rc2 Rg1+ 36. Kf2 Rh1 37. Kg3 Rd1 38. Kf2 g6 39. Kg3 Ra1 40. a3 Rg1+ 41. Kf2 Rh1 42. Kg3 Rg1+ 1/2-1/2

[Event "CFriend RH-2005-0-00024 email"]
[Site "Chessfriend.com"]
[Date "2005.03.17"]
[Round "1"]
[White "Soobik, Marek"]
[Black "Hassim, Unes"]
[Result "1/2-1/2"]
[WhiteElo "2198"]
[BlackElo "2241"]
[PlyCount "96"]
[EventDate "2005.03.17"]
[EventType "tourn (corr)"]
[EventRounds "6"]
[SourceTitle "Corr 2008"]
[Source "ChessBase"]
[SourceDate "2008.06.24"]
[SourceVersion "1"]
[SourceVersionDate "2008.06.24"]
[SourceQuality "1"]

1. e4 c5 2. Nf3 Nc6 3. d4 cxd4 4. Nxd4 g6 5. Nc3 Bg7 6. Be3 Nf6 7. Bc4 0-0 8. Bb3 a5 9. f3 d6 10. 0-0 Nxd4 11. Bxd4 Bd7 12. a4 Be6 13. Ra3 Nd7 14. Bxg7 Kxg7 15. Qd4+ Kg8 16. Rf2 Rc8 17. Bd5 Qc7 18. Qe3 Nc5 19. f4 Qb6 20. Rb3 Qc7 21. Bxe6 fxe6 22. Rb5 Qd7 23. Qd4 Qc7 24. f5 gxf5 25. exf5 Rxf5 26. Qg4+ Kh8 27. Rxf5 exf5 28. Qxf5 Qd8 29. Qf4 e5 30. Qh6 d5 31. Qh3 d4 32. Nd5 Rc6 33. Qf3 b6 34. Rxb6 Rxb6 35. Nxb6 d3 36. cxd3 Nxd3 37. Qe3 Qc7 38. Nd5 Qc4 39. Nc3 Kg7 40. Kh1 Qd4 41. Qxd4 exd4 42. Nb5 Nxb2 43. Nxd4 Nxa4 44. Nb3 Kf6 45. Nxa5 Kf5 46. g3 h5 47. Kg2 h4 48. Nc4 hxg3 1/2-1/2

[Event "CFriend RH-2005-0-00024 email"]
[Site "Chessfriend.com"]
[Date "2005.03.17"]
[Round "1"]
[White "Soobik, Marek"]
[Black "Hrvacic, Pavle"]
[Result "1/2-1/2"]
[WhiteElo "2198"]
[BlackElo "2150"]
[PlyCount "96"]
[EventDate "2005.03.17"]
[EventType "tourn (corr)"]
[EventRounds "6"]
[SourceTitle "Corr 2008"]
[Source "ChessBase"]
[SourceDate "2008.06.24"]
[SourceVersion "1"]
[SourceVersionDate "2008.06.24"]
[SourceQuality "1"]

1. e4 e5 2. Nf3 Nc6 3. Bb5 a6 4. Ba4 Nf6 5. 0-0 Be7 6. Re1 b5 7. Bb3 0-0 8. c3 d5 9. exd5 Nxd5 10. Nxe5 Nxe5 11. Rxe5 c6 12. d4 Bd6 13. Re1 Qh4 14. g3 Qh3 15. Re4 g5 16. Qf1 Qxf1+ 17. Kxf1 Bf5 18. Nd2 Rae8 19. f3 h6 20. Rxe8 Rxe8 21. Kf2 Bd3 22. Ne4 Bxe4 23. fxe4 Rxe4 24. a4 b4 25. Bd2 bxc3 26. bxc3 Re7 27. Kf3 Nf6 28. Bc2 c5 29. Bf5 cxd4 30. cxd4 g4+ 31. Bxg4 Nxg4 32. Kxg4 Re4+ 33. Kf3 Rxd4 34. Bxh6 Rb4 35. Rd1 Bc7 36. Rc1 Ba5 37. Rc6 Rxa4 38. Rxa6 Ra1 39. Bd2 Bc3 40. Rxa1 Bxa1 41. g4 Be5 42. h4 Bf6 43. h5 Be5 44. Ke4 Bf6 45. g5 Bb2 46. Kf5 Bd4 47. Bf4 Bc3 48. Be5 Bd2 1/2-1/2

[Event "CFriend SH-2005-0-00029 email"]
[Site "Chessfriend.com"]
[Date "2005.02.12"]
[Round "1"]
[White "Kulczycki, Michael"]
[Black "Soobik, Marek"]
[Result "0-1"]
[WhiteElo "2042"]
[BlackElo "2198"]
[PlyCount "110"]
[EventDate "2005.02.12"]
[EventType "tourn (corr)"]
[EventRounds "6"]
[SourceTitle "Corr 2008"]
[Source "ChessBase"]
[SourceDate "2008.06.24"]
[SourceVersion "1"]
[SourceVersionDate "2008.06.24"]
[SourceQuality "1"]

1. e4 e5 2. Nc3 Nf6 3. f4 d5 4. fxe5 Nxe4 5. Nf3 Be7 6. Qe2 Nxc3 7. dxc3 0-0 8. Bf4 c5 9. 0-0-0 Qa5 10. c4 Qxa2 11. cxd5 Qa1+ 12. Kd2 Qxb2 13. Qe4 Qb4+ 14. Qxb4 cxb4 15. c3 bxc3+ 16. Kxc3 Bc5 17. Bd3 a5 18. Ng5 h6 19. Ne4 Bb4+ 20. Kb2 Rd8 21. Be2 Bf5 22. Ng3 Bh7 23. Bg4 Nd7 24. d6 Ra6 25. Rc1 Nc5 26. Be2 Rc6 27. Rhd1 Na4+ 28. Kb3 Nc3 29. Rd4 Nxe2 30. Nxe2 Bf5 31. Nc3 Bc5 32. Rdd1 Rb6+ 33. Ka2 Be6+ 34. Nd5 Bxd6 35. exd6 Rb5 36. Ka3 Rxd5 37. Rxd5 Bxd5 38. g4 g5 39. Bg3 b5 40. Rc5 Bc4 41. Rc7 Be2 42. h3 Bf1 43. d7 Kg7 44. Ra7 Kf6 45. Bf2 Bxh3 46. Bb6 Ke7 47. Bxd8+ Kxd8 48. Rxa5 Bxg4 49. Kb4 Bxd7 50. Ra8+ Ke7 51. Rh8 f5 52. Kc3 f4 53. Kd4 Bf5 54. Rxh6 g4 55. Ke5 f3 0-1

[Event "CFriend SH-2005-0-00029 email"]
[Site "Chessfriend.com"]
[Date "2005.02.12"]
[Round "1"]
[White "Soobik, Marek"]
[Black "Speisser, Patrick"]
[Result "1-0"]
[WhiteElo "2198"]
[BlackElo "2084"]
[PlyCount "119"]
[EventDate "2005.02.12"]
[EventType "tourn (corr)"]
[EventRounds "6"]
[SourceTitle "Corr 2008"]
[Source "ChessBase"]
[SourceDate "2008.06.24"]
[SourceVersion "1"]
[SourceVersionDate "2008.06.24"]
[SourceQuality "1"]

1. e4 e5 2. Nf3 Nc6 3. Bb5 a6 4. Ba4 Nf6 5. 0-0 Be7 6. Re1 b5 7. Bb3 d6 8. c3 0-0 9. h3 Na5 10. Bc2 c5 11. d4 Qc7 12. Nbd2 Nc6 13. d5 Na5 14. b3 Bd7 15. Nf1 c4 16. Ba3 Bd8 17. Ne3 Rc8 18. Bb2 Re8 19. Nd2 Qb8 20. Qf3 Bb6 21. b4 Nb7 22. a4 Qc7 23. Nf5 Ra8 24. a5 Ba7 25. Nf1 Qd8 26. N1g3 h6 27. Bc1 Kh7 28. Bd2 Bxf5 29. exf5 Kh8 30. Nh5 Rc8 31. Re2 Kg8 32. Re4 Kf8 33. Nxf6 Qxf6 34. Rae1 Ra8 35. Rg4 Ke7 36. h4 Kd7 37. Qg3 Rg8 38. Kf1 Rae8 39. Be3 Bb8 40. Qh3 Kc8 41. Bb6 Nd8 42. f4 Re7 43. h5 Rge8 44. Bf2 exf4 45. Rxf4 Rxe1+ 46. Bxe1 Qg5 47. Qf3 Rxe1+ 48. Kxe1 Kb7 49. f6 gxf6 50. Bf5 Bc7 51. Kd1 Ka7 52. Bc8 Nb7 53. Rxf6 Nd8 54. Ke2 Qg8 55. Rxh6 Ka8 56. Bxa6 Qe8+ 57. Kf2 Ka7 58. Qe3+ Qxe3+ 59. Kxe3 Kxa6 60. Rf6 1-0

[Event "LSS RB-2002-0-00011"]
[Site "LSS email"]
[Date "2002.04.03"]
[Round "?"]
[White "Soobik, Marek"]
[Black "Windels, Luc"]
[Result "1-0"]
[WhiteElo "1800"]
[BlackElo "1887"]
[PlyCount "95"]
[EventDate "2002.04.03"]
[EventType "tourn (corr)"]
[EventRounds "6"]
[EventCountry "GER"]
[SourceTitle "Corr 2024"]
[Source "ChessBase"]
[SourceDate "2023.10.19"]
[SourceVersion "1"]
[SourceVersionDate "2023.10.19"]
[SourceQuality "1"]

1. e4 e5 2. Nf3 Nc6 3. Bb5 a6 4. Ba4 Nf6 5. 0-0 Bc5 6. c3 b5 7. Bc2 d5 8. d4 dxe4 9. Nxe5 Nxe5 10. dxe5 Qxd1 11. Rxd1 Ng4 12. Bxe4 Rb8 13. Rf1 Be6 14. Nd2 Bb6 15. Bc6+ Kf8 16. a4 b4 17. cxb4 Nxe5 18. Be4 f5 19. Nf3 fxe4 20. Nxe5 Re8 21. Be3 Ke7 22. Bg5+ Kf8 23. Rac1 Bd4 24. Nc4 h6 25. Be3 Bf6 26. Nd2 Bd7 27. b3 Bd8 28. Rfe1 Bf5 29. Rc5 g6 30. Rc6 Be7 31. Bc5 Bxc5 32. bxc5 Re7 33. Rxa6 Kg7 34. b4 Rd8 35. Nf1 Kf7 36. b5 Rd3 37. a5 Rc3 38. b6 Bc8 39. Ra8 Bb7 40. Ra7 cxb6 41. cxb6 Ra3 42. Ne3 Ra4 43. Rc1 Ke6 44. h4 Rf7 45. Rc7 Rxc7 46. bxc7 Ra1+ 47. Kh2 Bc8 48. Ra8 1-0